000 00701cam a22002413a 4500
001 13023
003 PGUSA
005 20140828083300.0
008 040725s2004||||xxu|||||s|||||000 1 eng d
040 _aPGUSA
_beng
042 _adc
050 4 _aPH
100 1 _aPakkala, Teuvo,
_d1862-1925
245 1 0 _aPieni elämäntarina
_h[electronic resource] /
_cTeuvo Pakkala
260 _bProject Gutenberg,
_c2004
506 _aPublic domain in the USA.
516 _aElectronic text
653 _aYoung women -- Finland -- Fiction
653 _aFinland -- Social life and customs -- Fiction
830 0 _aProject Gutenberg
_v13023
856 4 0 _uhttp://www.gutenberg.org/ebooks/13023
942 _cEB
999 _c242278
_d242278